5 Largest Cities in Every Country #5 N-R - Statistics

General Stats
  • This quiz has been taken 25 times
  • The average score is 47 of 120
Answer Stats
Hint Answer % Correct
Netherlands Amsterdam
100%
New Zealand Auckland
100%
Norway Oslo
100%
North Macedonia Skopje
100%
Romania Bucharest
95%
New Zealand Christchurch
95%
Pakistan Karachi
95%
Poland Kraków
95%
Nigeria Lagos
95%
Portugal Lisbon
95%
Russia Moscow
95%
Netherlands Rotterdam
95%
Russia Saint Petersburg
95%
Poland Warsaw
95%
New Zealand Wellington
95%
Paraguay Asunción
89%
Norway Bergen
89%
Nepal Kathmandu
89%
Peru Lima
89%
Philippines Manila
89%
Portugal Porto
89%
Namibia Windhoek
89%
Qatar Doha
84%
Nicaragua Managua
84%
Oman Muscat
84%
Panama Panamá
84%
Papua New Guinea Port Moresby
84%
Russia Yekaterinburg
84%
Nigeria Kano
79%
Niger Niamey
79%
Russia Novosibirsk
79%
Rwanda Kigali
74%
Poland Łódź
74%
Russia Kazan
68%
Nigeria Port Harcourt
68%
Poland Wrocław
68%
Nauru Yaren
68%
Nigeria Ibadan
63%
Norway Stavanger
63%
Norway Trondheim
63%
Netherlands Utrecht
63%
Netherlands Eindhoven
58%
Philippines Quezon City
58%
Pakistan Rawalpindi
58%
Pakistan Faisalabad
53%
Netherlands Hague
53%
Nigeria Benin City
47%
Romania Cluj-Napoca
47%
Poland Poznań
47%
Portugal Braga
42%
New Zealand Hamilton
42%
Romania Timişoara
42%
Peru Arequipa
37%
Romania Constanța
37%
Romania Iaşi
37%
Palau Koror
37%
Peru Trujillo
37%
Namibia Walvis Bay
37%
Paraguay Ciudad del Este
32%
Panama Colón
26%
Nicaragua León
26%
Nepal Pokhara
26%
Niger Agadez
21%
Norway Drammen
21%
Pakistan Gujranwala
21%
Papua New Guinea Lae
21%
Qatar Al Rayyan
16%
Portugal Amadora
16%
North Macedonia Bitola
16%
Philippines Davao City
16%
Panama David
16%
Oman Seeb
16%
New Zealand Tauranga
16%
Portugal Vila Nova de Gaia
16%
Pakistan Lahora
11%
Niger Maradi
11%
Namibia Swakopmund
11%
North Macedonia Tetovo
11%
Nepal Bharatpur
5%
Philippines Caloocan
5%
Nauru Denigomodu
5%
Rwanda Gisenyi
5%
North Macedonia Kumanovo
5%
Papua New Guinea Madang
5%
Nicaragua Masaya
5%
Peru Piura
5%
Rwanda Ruhengeri
5%
Palau Airui
0%
Qatar Al Khawr
0%
Qatar Al Wakrah
0%
Papua New Guinea Arawa
0%
Nauru Arijejen
0%
Oman Bawshar
0%
Nepal Birgunj
0%
Nauru Boe
0%
Rwanda Butare
0%
Paraguay Capiatá
0%
Peru Chuclayo
0%
Nicaragua Ciudad Sandino
0%
Palau Kloulklubed
0%
Panama La Chorrera
0%
Nepal Lalitpur
0%
Paraguay Luque
0%
Nauru Menen
0%
Palau Meyuns
0%
Papua New Guinea Mount Hagen
0%
Rwanda Muhanga
0%
Palau Ngetkib
0%
Namibia Okahandja
0%
Namibia Otjiwarongo
0%
North Macedonia Prilep
0%
Oman Salalat
0%
Paraguay San Lorenzo
0%
Panama Santiago
0%
Oman Sohar
0%
Philippines Taguig
0%
Niger Tahoua
0%
Nicaragua Tipitapa
0%
Qatar Umm Salal Muhammad
0%
Niger Zinder
0%
No matching quizzes found
Score Distribution
Percent of People with Each Score
Percentile by Number Answered
Your Score History
You have not taken this quiz